Countries containing a J or K in their name - Statistics

General Stats
  • This quiz has been taken 1,765 times
  • The average score is 20 of 26
Answer Stats
Country % Correct
Kazakhstan
94%
Japan
93%
Jamaica
90%
Jordan
89%
Kyrgyzstan
89%
Kenya
88%
Tajikistan
85%
United Kingdom
85%
Kosovo
83%
Kiribati
82%
Kuwait
82%
Turkmenistan
82%
Uzbekistan
80%
Turkey
78%
Azerbaijan
77%
Pakistan
77%
South Korea
73%
North Korea
72%
Ukraine
70%
Djibouti
69%
Fiji
65%
Denmark
62%
Saint Kitts and Nevis
61%
Slovakia
61%
Burkina Faso
55%
Sri Lanka
53%
No matching quizzes found
Score Distribution
Percent of People with Each Score
Percentile by Number Answered
Your Score History
You have not taken this quiz